Statistics for Niger First Level Subdivisions

Click here to take the quiz!

General Stats

  • This quiz has been taken 26 times
  • The average score is 5 of 8

Answer Stats

Régions% Correct
Niamey
100%
Agadez
89%
Zinder
67%
Dosso
56%
Diffa
44%
Maradi
44%
Tahoua
44%
Tillabéri
44%

Score Distribution

Percentile by Number Answered

Percent of People with Each Score

Your Score History

You have not taken this quiz